000 00993pam a2200277 a 4500
001 4713443
003 ARRUPE
005 20220421095747.0
008 830110s1983 miu b 001 0 eng
010 _a 83001432
020 _a0802835864
040 _aDLC
_cDLC
_dDLC
041 1 _aeng
_hger
050 0 0 _aBT102
_b.J8313 1983
082 0 0 _a231
_219
100 1 _aJüngel, Eberhard.
_951381
240 1 0 _aGott als Geheimnis der Welt.
_lEnglish
245 1 0 _aGod as the mystery of the world :
_bon the foundation of the theology of the crucified one in the dispute between theism and atheism /
_cby Eberhard Jüngel ; translated by Darrell L. Guder.
260 _aGrand Rapids, Mich. :
_bEerdmans,
_cc1983.
300 _axvi, 414 p. ;
_c24 cm.
500 _aTranslation of: Gott als Geheimnis der Welt.
504 _aIncludes bibliographical references and indexes.
650 0 _aGod (Christianity)
906 _a7
_bcbc
_corignew
_d1
_eocip
_f19
_gy-gencatlg
942 _2lcc
_cMONOGRAPH
999 _c131327
_d131327